Chansons de Werenoi - Album Carré - Statistiques

Statistiques générales
  • Ce quiz a été pris 128 fois
    77 depuis la dernière actualisation
  • Le résultat moyen est 13 sur 19
Statistiques - réponses
Ordre dans l'album Chansons % Correct
17 Chemin d'or
97%
03 Ciao
81%
06 Laboratoire
81%
01 Intro Rolex
75%
02 Maison hantée
75%
08 Tout seul
75%
15 Salaire
72%
13 Boussole
69%
14 Escorte
69%
18 10.03.2023
67%
16 Rude Boy
67%
07 Virus
67%
05 Grisaille
64%
19 Millionnaire
64%
12 Nos labels c'est du papel
64%
04 Figaro
61%
11 Satan 2
61%
09 L'ancien
53%
10 Vroum Vroum
53%
Aucun quiz correspondant
Distribution des résultats
% des personnes avec chaque résultat
Percentile par nombre de réponses
Votre historique - résultats
Vous n’avez pas pris ce quiz depuis la dernière actualisation